=LDR 00000nam 2200000 4500 =001 INLIS000000000023796 =005 20130612122426 =008 ***********************************Ind** =035 ##$$0010-061300000023796 =041 ##$$a Ind =082 ##$$a 658.114 =090 ##$$a 658.114, Laz t =100 ##$$a Lazzaro, Victor =245 ##$$a Tata kerja organisasi 2, Victor Lazakaro =260 ##$$a 1971 $b Jakarta =300 ##$$a 729 hlm, ilus, 21 cm =650 ##$$a Organisasi manajemen =850 ##$$a NBPNMAT